01597naa a22003857a 4500001001000000003000900010005001700019007000300036008003400039040005400073041000900127072002600136090001800162100001600180100001800196111010700214245010200321260003700423500017900460650001000639650001200649650001300661650002200674650001200696650001900708650001800727650002400745650002600769650002200795773017600817909003600993942001401029999001901043952014901062BR8205299BR-BrBNA20240918175153.0ta230509b bl.||||| |||| 00| 0 por d aBR-BrBNAbporcBiblioteca Nacional de Agricultura a(Pt) aF00b0440b3575bG514 aF00 BR82052991 aMiranda, T.1 aSouza, F.C.A.1 a1. Reuniao Estadual de Pesquisa e Assistencia Tecnica do LinhocCruz Alta, RS (Brazil)d27-28 Apr 19821 aTecnologia para producao de sementes de linho (Linum usitatissimum L.)[Rio Grande do Sul, Brasil]3 aCruz Alta, RS (Brasil): c1982.  aContribuicao do Centro de Experimentacao e Pesquisa a 1. Reuniao Estadual de Pesquisa e Assistencia Tecnica do Linho Cruz Alta, RS (Brasil): 1982. p. 67-77 (BR8205299-AM)F00  aLINHO aSEMENTE aCOLHEITA aCOLHEITA MECANICA aSECAGEM aBENEFICIAMENTO aARMAZENAMENTO aANALISE QUALITATIVA aCONTROLE DE QUALIDADE aRIO GRANDE DO SUL0 tContribuicao do Centro de Experimentacao e Pesquisa a 1. Reuniao Estadual de Pesquisa e Assistencia Tecnica do LinhowF00 BR8205299gCruz Alta, RS (Brasil), 1982. p. 67-77 a202404bLuciac55dLucia Elande cAM2AGRIS c315378d315378 002AGRIS40708Acervo Gerala41918b41918cAgrobasel0o0180 BR9406679r2024-05-20t01yAM10d2024-04-11ePortaria Interministerial nÂș 164/94